Language Quiz

Random Language or Letter Quiz

Stuck in the Middle with 'B' (A-Z) Quiz Stats

 Plays Quiz Updated Nov 17, 2016

Also try: Middle X
Challenge
Share
Tweet
Embed
Score 0/26 Timer 06:00
0 Plays Today
Clue Word % Correct
The Old Testament is found hereBible
95.3%
What a satellite does around the EarthOrbit
94.7%
Prizes awarded in Stockholm and OsloNobel
92.6%
Animal featured in the movie 'Racing Stripes'Zebra
92%
Fred Flintstone precedes 'Dabba Do' with thisYabba
91.8%
Where your email may arriveInbox
91.2%
Star Wars' HuttJabba
90.1%
US tree-planting occasion, ______ DayArbor
88.8%
Skewer dishKabob
88.6%
Actresses Winger or MessingDebra
87%
His cube started an '80s crazeRubik
86.9%
Bone that is found next to the fibulaTibia
82.8%
RoutineHabit
81.9%
Clue Word % Correct
Defamation in printLibel
81.6%
Wool, hemp and asbestos are natural types of thisFiber
80.1%
This oil company's logo is a winged red horseMobil
76.2%
Fencing weapon that targets the upper bodySaber
75.8%
Casals or SandovalPablo
67.2%
Varieties of this pigment include Raw and BurntUmber
64.8%
Wall facing between edges of a sloping roofGable
59.3%
How you can add a Sporcle quiz to your own siteEmbed
55.3%
Noah's unit of measurementCubit
53.1%
Lionel Hampton's instrument, or 'emanations'Vibes
33.2%
Int'l Academy of Digital Arts and Sciences awardWebby
24.2%
Old Mediterranean sailing shipXebec
6.2%
Direction to face during Muslim prayerQibla
5.3%

You're not logged in!

Compare scores with friends on all Sporcle quizzes.
Join for Free
OR
Log In

You Might Also Like...

Show Comments

Extras

Top Quizzes Today


Score Distribution

Your Account Isn't Verified!

In order to create a playlist on Sporcle, you need to verify the email address you used during registration. Go to your Sporcle Settings to finish the process.

Report this User

Report this user for behavior that violates our Community Guidelines.

Details: